000 00714cam a2200241 a 4500
008
049 _aMAIN
090 _aQC21
_bBOH
100 1 _aBohm, David.
245 1 0 _aCausality and chance in modern physics /
_cby David Bohm ; foreword by Louis de Broglie.
260 _aNew York :
_bHarper Torchbooks,
_c1961.
300 _axi,170 p. :
_c21 cm.
504 _aIncludes bibliographical references.
650 0 _aCausality (Physics).
650 0 _aQuantum theory.
650 0 _aNatural law.
650 0 _aPhysics
_xPhilosophy.
907 _a.b10176457
_b13-09-16
_c22-09-05
003
005 20230123122227.0
040 _cNUST
942 _cBOOKS
_kQC21
_mBOH
999 _c129998
_d129998